Los cambios en la tasa inflacionaria y el coeficiente fijo de las fórmulas de reajuste de precios (Registro nro. 28748)
[ vista simple ]
| 000 -LEADER | |
|---|---|
| fixed length control field | 00383 a2200109 4500 |
| 001 - CONTROL NUMBER | |
| control field | ART_23945 |
| 005 - DATE AND TIME OF LATEST TRANSACTION | |
| control field | 20260410161933.0 |
| 008 - FIXED-LENGTH DATA ELEMENTS--GENERAL INFORMATION | |
| fixed length control field | 260409a |
| 100 1# - MAIN ENTRY--PERSONAL NAME | |
| Personal name | Arias, José Alberto |
| 245 10 - TITLE STATEMENT | |
| Title | Los cambios en la tasa inflacionaria y el coeficiente fijo de las fórmulas de reajuste de precios |
| 773 0# - HOST ITEM ENTRY | |
| Title | Informe |
| Related parts | - Año VIII, Nº 46 (ene./mar. 1976) |
| Record control number | REV23765 |
No hay ítems disponibles.